01178cam a22003137a 450000500170000000800410001701000100005801100100006803500100007809000100008810000420009824501750014026000390031530000100035450200660036459000370043059000410046759000410050859000410054959000420059065000350063265000420066765000320070965000340074165000320077590100070080794900330081499900170084720220329141210.0971010s1982 r 00010 d a64234 a65206 a71514 aTesis00aCastillo Cobos, Encarnación.920103 0aEfecto de las microcuencas de captación, cobertura y densidad de siembra en el cultivo de cebada (Hordeum vulgare L.) para grano y forraje, bajo condiciones de temporal aChapingo, Méx :bEl autor,c1982 a194 h aTesis (Ing. Agr. Esp. Suelos) -- UACH. Departamento de Suelos aALEPHb10c20130110lUCH01h1350 aBATCH-UPDb10c20130110lUCH01h1033 aBATCH-UPDb10c20130410lUCH01h0635 aBATCH-UPDb10c20130914lUCH01h2016 aCONVERSIONb10c20130109lUCH01h133514aAgricultura de temporal.9199914aAgua de lluviaxAlmacenamiento.9241314aCebada como forraje.92072114aCebadaxEspaciamiento.92067714aCebadaxRendimiento.920707 aBK bScTESd-4141eTS1i71514si c64234d64234